La hora del juicio final / (Record no. 187287)

MARC details
000 -LEADER
campo de control de longitud fija 00569nam a2200193 i 4500
001 - NÚMERO DE CONTROL
campo de control 187287
003 - IDENTIFICADOR DE NÚMERO DE CONTROL
campo de control SpMaBN
005 - FECHA Y HORA DE LA ÚLTIMA TRANSACCIÓN
campo de control 20250607063032.0
008 - DATOS DE LONGITUD FIJA--INFORMACIÓN GENERAL
campo de control de longitud fija 170529s1957 fr |||| |dspa d
080 ## - NÚMERO DE LA CLASIFICACIÓN DECIMAL UNIVERSAL
Número de la Clasificación Decimal Universal 821.134.2-31"19"
100 1# - ENTRADA PRINCIPAL--NOMBRE DE PERSONA
Nombre de persona Monréal, Carlos
9 (RLIN) 162885
Término indicativo de función/relación Autor
245 13 - MENCIÓN DEL TÍTULO
Título La hora del juicio final /
Mención de responsabilidad, etc. Carlos Monréal ; [prólogo, Ramón Liarte].
260 ## - PUBLICACIÓN, DISTRIBUCIÓN, ETC.
Lugar de publicación, distribución, etc. Toulouse :
Nombre del editor, distribuidor, etc. España Libre,
Fecha de publicación, distribución, etc. [1957]
300 ## - DESCRIPCIÓN FÍSICA
Extensión 317 p. ;
Dimensiones 19 cm.
700 0# - ENTRADA AGREGADA--NOMBRE PERSONAL
Nombre de persona Liarte, Ramón
9 (RLIN) 72159
Término indicativo de función/relación Autor de introducción
852 ## - LOCALIZACIÓN
Ubicación ES-MaACL
Número de control de estantería L-31637
942 ## - ELEMENTOS DE ENTRADA SECUNDARIOS (KOHA)
Fuente del sistema de clasificación o colocación Clasificación decimal universal
Holdings
Estatus retirado Estado de pérdida Estado de daño No para préstamo Biblioteca de origen Biblioteca actual Ubicación en estantería Fecha de adquisición Fuente de adquisición Total de préstamos Signatura topográfica completa Código de barras Visto por última vez Precio de reemplazo Tipo de ítem Koha
        Biblioteca del Ateneo de Madrid Biblioteca del Ateneo de Madrid Depósito 2 29/05/2017     L-31637 1197639 23/02/2023 23/02/2023 Libro impreso